[Event "Airthings Masters - Match Preliminari"]
[Site "Internet"]
[Date "03.02.2023"]
[Round "P1.2"]
[White "Nesterov, Arseniy"]
[Black "Petrosyan, Manuel"]
[Result "1/2-1/2"]
[WhiteTitle ""]
[BlackTitle ""]
[WhiteElo "2568"]
[BlackElo "2634"]
[WhiteFideId "24198455"]
[BlackFideId "13300857"]
[EventDate "2023.02.03"]
[EventType "k.o."]

1. d4 Nf6 2. c4 e6 3. Nf3 c5 4. d5 exd5 5. cxd5 d6 6. Nc3 a6 7. a4 g6 8. Nd2
Nbd7 9. Nc4 Nb6 10. Na3 Bd7 11. a5 Nc8 12. Nc4 Bb5 13. e4 Bg7 14. Bd3 O-O 15.
O-O Re8 16. Re1 Nd7 17. Ne3 Bxd3 18. Qxd3 b5 19. axb6 Ncxb6 20. Rxa6 Rxa6 21.
Qxa6 Bxc3 22. bxc3 Rxe4 23. Qd3 f5 24. Rd1 Qe7 25. h3 Qe5 26. Qc2 h5 27. c4 f4
28. Nf1 Qf5 29. Qa2 Rxc4 30. Qa7 Qe5 31. Qc7 Rc2 32. Bd2 Qxd5 33. Re1 Rxd2 34.
Qd8+ Nf8 35. Nxd2 Qxd2 36. Re8 Nd7 37. Qxd7 Qe1+ 38. Kh2 Qe5 39. Qd8 Qf5 40.
Qxd6 f3 41. gxf3 c4 42. Qc6 Qf4+ 43. Kg2 Qg5+ 44. Kf1 Qc1+ 45. Kg2 Qg5+ 46. Kf1
Kf7 47. Re4 Qc1+ 48. Kg2 c3 49. Rc4 Qg5+ 50. Kh2 Qe5+ 51. f4 Qe2 52. Rxc3 Qxf2+
53. Qg2 Qxf4+ 54. Qg3 Qd2+ 55. Kh1 Ne6 56. Rf3+ Ke7 57. Qxg6 Qd1+ 58. Kg2 Qe2+
59. Kg3 h4+ 60. Kxh4 Qxf3 61. Qg4 Qf2+ 62. Qg3 Qf6+ 63. Kg4 Qg6+ 64. Kf3 Qd3+
65. Kf2 Qd2+ 66. Kg1 Nf4 67. Qf3 Kf6 68. h4 Kf5 69. h5 Qe1+ 70. Kh2 Qh4+ 71. Kg1
Qe1+ 72. Kh2 Qa1 73. h6 Qb2+ 74. Kg3 Qe5 75. Qg4+ Ke4 76. Qf3+ Kf5 77. Qg4+ Ke4
78. Qf3+ Kf5 1/2-1/2

[Event "Airthings Masters - Match Preliminari"]
[Site "Internet"]
[Date "03.02.2023"]
[Round "P1.3"]
[White "Sarana, Alexey"]
[Black "Caruana, Fabiano"]
[Result "1-0"]
[WhiteTitle ""]
[BlackTitle ""]
[WhiteElo "2668"]
[BlackElo "2766"]
[WhiteFideId "24133795"]
[BlackFideId "2020009"]
[EventDate "2023.02.03"]
[EventType "k.o."]

1. d4 Nf6 2. c4 e6 3. Nc3 Bb4 4. e3 O-O 5. Bd3 c5 6. Ne2 Nc6 7. O-O d5 8. cxd5
exd5 9. a3 c4 10. Bc2 Bd6 11. Ng3 Rb8 12. Nb5 Be7 13. f3 a6 14. Nc3 b5 15. Nce2
a5 16. e4 b4 17. e5 Ne8 18. axb4 axb4 19. Be3 b3 20. Bb1 Nc7 21. Kh1 Nb5 22. Qd2
Re8 23. f4 f6 24. Nf5 Bb4 25. Qd1 Bxf5 26. Bxf5 Nd6 27. Bb1 f5 28. g4 fxg4 29.
Ng3 Qh4 30. Ra6 Nd8 31. f5 c3 32. bxc3 Nc4 33. Bf2 Bf8 34. f6 Ne6 35. Nf5 Qh3
36. Rg1 g6 37. Rxg4 Ra8 38. Rxa8 Rxa8 39. Rg3 Qxg3 40. hxg3 b2 41. Ne3 Ra1 42.
Nxc4 dxc4 43. Kg2 Nc7 44. Qc2 Ba3 45. Qe4 Kf7 46. d5 Rxb1 47. Qxb1 Nxd5 48. Bd4
Ke6 49. Kf3 Nc7 50. Ke4 Nb5 51. Qf1 Kd7 52. Kd5 Bf8 53. e6+ Ke8 54. Qxc4 1-0

[Event "Airthings Masters - Match Preliminari"]
[Site "Internet"]
[Date "03.02.2023"]
[Round "P1.3"]
[White "Le, Quang Liem"]
[Black "Ghosh, Diptayan"]
[Result "1/2-1/2"]
[WhiteTitle ""]
[BlackTitle ""]
[WhiteElo "2728"]
[BlackElo "2553"]
[WhiteFideId "12401137"]
[BlackFideId "5045207"]
[EventDate "2023.02.03"]
[EventType "k.o."]

1. c4 Nf6 2. Nf3 e6 3. g3 d5 4. Bg2 dxc4 5. Qa4+ Nbd7 6. Qxc4 a6 7. Qc2 c5 8. a4
b6 9. O-O Bb7 10. Nc3 Be7 11. Rd1 Rc8 12. e4 O-O 13. d3 Qc7 14. h3 Bd6 15. Be3
Ne5 16. Nd2 Be7 17. f4 Nc6 18. Nc4 Rfd8 19. Qf2 Nb4 20. Bf1 Nd7 21. Rac1 Bc6 22.
d4 cxd4 23. Bxd4 Bc5 24. Bxc5 Nxc5 25. Ne5 Rxd1 26. Rxd1 Nxa4 27. Qd4 Nc2 28.
Qd2 Nxc3 29. Qxc3 Be8 30. Bxa6 Qxc3 31. bxc3 Ra8 32. Bd3 Na3 33. Ra1 f6 34. Nf3
Ra5 35. Nd4 Kf7 36. e5 fxe5 37. fxe5 h6 38. Ra2 Ke7 39. Kf2 Bd7 40. h4 Be8 41.
Rb2 Rxe5 42. Rxb6 Rc5 43. Rxe6+ Kd8 44. Rd6+ Kc7 45. Ra6 Rxc3 46. Rxa3 Rxa3 47.
Bb5 Ra8 48. Kf3 Bxb5 49. Nxb5+ Kd7 50. Nd4 Ke7 51. Nf5+ Kf6 52. Ne3 Ra3 53. Ke4
Ra4+ 54. Kf3 Ra3 55. Ke4 Ra4+ 56. Kf3 Ra3 1/2-1/2

[Event "Airthings Masters - Match Preliminari"]
[Site "Internet"]
[Date "03.02.2023"]
[Round "P1.3"]
[White "Safarli, Eltaj"]
[Black "Lazavik, Denis"]
[Result "0-1"]
[WhiteTitle ""]
[BlackTitle ""]
[WhiteElo "2608"]
[BlackElo "2541"]
[WhiteFideId "13402129"]
[BlackFideId "13515110"]
[EventDate "2023.02.03"]
[EventType "k.o."]

1. e4 e5 2. Nf3 Nc6 3. Bb5 Nf6 4. O-O Nxe4 5. d4 Nd6 6. dxe5 Nxb5 7. a4 Nbd4 8.
Nxd4 d5 9. Nxc6 bxc6 10. Nd2 Be7 11. Nb3 c5 12. Na5 Qd7 13. f4 Ba6 14. c4 c6 15.
f5 dxc4 16. Qf3 Qd5 17. Nxc6 Qxf3 18. gxf3 Bh4 19. Be3 c3 20. bxc3 Bxf1 21. Kxf1
Kd7 22. Na5 Rhc8 23. Rd1+ Ke8 24. Ke2 Be7 25. Nc4 Rab8 26. Rg1 g6 27. f6 Bf8 28.
Bf4 Kd7 29. Kd3 Ke6 30. Kc2 Rd8 31. Be3 Rd5 32. f4 Rd7 33. h4 Kd5 34. Rd1+ Ke6
35. Rf1 Kd5 36. Nd2 Rdb7 37. Kd3 Rb2 38. h5 Rd8 39. hxg6 hxg6 40. Rh1 Ke6+ 41.
Ke2 c4 42. Rh2 Bc5 43. f5+ gxf5 44. Kf3 Bxe3 45. Kxe3 Rd3+ 46. Kf4 Rbxd2 47. Rh8
Rf2+ 48. Kg5 Rg3+ 49. Kh4 Rh2+ 50. Kxg3 Rxh8 0-1

[Event "Airthings Masters - Match Preliminari"]
[Site "Internet"]
[Date "03.02.2023"]
[Round "P1.3"]
[White "Bluebaum, Matthias"]
[Black "Sevian, Samuel"]
[Result "1-0"]
[WhiteTitle ""]
[BlackTitle ""]
[WhiteElo "2663"]
[BlackElo "2687"]
[WhiteFideId "24651516"]
[BlackFideId "2040506"]
[EventDate "2023.02.03"]
[EventType "k.o."]

1. d4 Nf6 2. c4 e6 3. Nc3 Bb4 4. e3 O-O 5. Bd3 d5 6. cxd5 exd5 7. Ne2 Re8 8. O-O
b6 9. Nf4 Bxc3 10. bxc3 Ba6 11. a4 Bxd3 12. Qxd3 Nc6 13. c4 Na5 14. cxd5 Nxd5
15. Ne2 c5 16. dxc5 bxc5 17. Bb2 Rb8 18. Rab1 Rb3 19. Qc2 Qb6 20. Ba1 Nb4 21.
Qf5 Qg6 22. Ng3 Rxb1 23. Rxb1 Qxf5 24. Nxf5 f6 25. Bc3 Rd8 26. g4 Nac6 27. Rc1
Na2 28. Rc2 Nxc3 29. Rxc3 Rd5 30. Kg2 g6 31. Ng3 Ne5 32. h3 c4 33. Ne4 Kg7 34.
f4 f5 35. fxe5 fxe4 36. Rxc4 Rxe5 37. Rc7+ Kf6 38. Rxa7 h5 39. Kg3 hxg4 40. hxg4
g5 41. Ra6+ Kf7 42. Rb6 Rc5 43. Rb4 Re5 44. Rd4 Kf6 45. Kf2 Re8 46. Rd5 Rb8 47.
Rf5+ Kg6 48. Rb5 Rc8 49. Rb4 Re8 50. a5 Kf6 51. a6 Ra8 52. Ra4 Ra7 53. Ke2 Ke6
54. Ra5 Kd6 55. Rxg5 Ke6 56. Ra5 Kf6 57. Kf2 Kg6 58. Kg3 1-0

[Event "Airthings Masters - Match Preliminari"]
[Site "Internet"]
[Date "03.02.2023"]
[Round "P1.3"]
[White "Xu, Xiangyu"]
[Black "Yu, Yangyi"]
[Result "1/2-1/2"]
[WhiteTitle ""]
[BlackTitle ""]
[WhiteElo "2578"]
[BlackElo "2729"]
[WhiteFideId "8608288"]
[BlackFideId "8603820"]
[EventDate "2023.02.03"]
[EventType "k.o."]

1. e4 e5 2. d4 exd4 3. Qxd4 Nc6 4. Qc4 Nf6 5. Nc3 Bb4 6. Bd2 d6 7. O-O-O Be6 8.
Qe2 Qe7 9. a3 Ba5 10. f4 O-O-O 11. Nf3 Kb8 12. Kb1 Rhe8 13. Qd3 Bxc3 14. Bxc3
Nxe4 15. Be1 f5 16. g3 Nc5 17. Qd2 Ne4 18. Qd3 Nc5 19. Qd2 Ne4 20. Qd3 1/2-1/2

[Event "Airthings Masters - Match Preliminari"]
[Site "Internet"]
[Date "03.02.2023"]
[Round "P1.3"]
[White "Matlakov, Maxim"]
[Black "Chigaev, Maksim"]
[Result "1-0"]
[WhiteTitle ""]
[BlackTitle ""]
[WhiteElo "2662"]
[BlackElo "2632"]
[WhiteFideId "4168003"]
[BlackFideId "4108116"]
[EventDate "2023.02.03"]
[EventType "k.o."]

1. e4 c5 2. Nf3 e6 3. c3 d5 4. e5 d4 5. d3 Bd7 6. g3 Bc6 7. Bg2 Ne7 8. O-O Ng6
9. Qe2 Nd7 10. Nbd2 Qc7 11. Re1 Be7 12. h4 dxc3 13. bxc3 h5 14. a4 O-O 15. d4
Rad8 16. Ne4 cxd4 17. cxd4 Bxe4 18. Qxe4 Nb6 19. Bd2 Nd5 20. Ng5 Bxg5 21. Bxg5
Nge7 22. Rec1 Qd7 23. Qe2 g6 24. Bxd5 Nxd5 25. Bxd8 Rxd8 26. Qb5 Qe7 27. a5 b6
28. a6 Kg7 29. Kg2 g5 30. Rh1 g4 31. Qd3 Qd7 32. Rhd1 Qc6 33. Kg1 Ne7 34. Rac1
Qa4 35. Qe3 Ng6 36. Qg5 Rf8 37. Qxh5 Qxa6 38. Qxg4 Kh7 39. d5 Qa2 40. h5 1-0

[Event "Airthings Masters - Match Preliminari"]
[Site "Internet"]
[Date "03.02.2023"]
[Round "P1.3"]
[White "Ibarra Jerez, Jose Carlos"]
[Black "Theodorou, Nikolas"]
[Result "0-1"]
[WhiteTitle ""]
[BlackTitle ""]
[WhiteElo "2563"]
[BlackElo "2584"]
[WhiteFideId "2226332"]
[BlackFideId "4262875"]
[EventDate "2023.02.03"]
[EventType "k.o."]

1. Nf3 Nf6 2. g3 g6 3. b3 Bg7 4. Bb2 O-O 5. Bg2 d6 6. d4 b5 7. Nfd2 c6 8. O-O
Bb7 9. e4 e5 10. a4 a6 11. dxe5 Nfd7 12. Nf3 Nxe5 13. Qc1 Nbd7 14. Nbd2 Re8 15.
Ne1 c5 16. h3 c4 17. bxc4 bxc4 18. Ra3 Rc8 19. Qa1 Nf6 20. a5 Ned7 21. Re3 Rc5
22. Bc3 Nh5 23. Bxg7 Nxg7 24. Qc3 Qc7 25. Nef3 Rxa5 26. Rb1 Rc5 27. h4 h6 28.
Rb4 Rc8 29. Bf1 Ne6 30. Bh3 a5 31. Rb1 Re8 32. Nh2 h5 33. f4 d5 34. exd5 Rxd5
35. Nhf3 Ng7 36. Ne4 Nf5 37. Ree1 Ba8 38. Kh2 Qa7 39. Re2 Rxe4 40. Rxe4 Qf2+ 41.
Bg2 Qxg3+ 42. Kg1 Nd6 43. Re7 Bc6 44. Rbe1 Nf8 45. Rc7 Nb5 46. Qxc4 Nxc7 47.
Qxc6 Nfe6 48. Rb1 Rd8 49. Ng5 Nxf4 50. Qf3 Qxh4 51. Ne4 Nce6 52. Rf1 Nd4 53. Qg3
Nde2+ 54. Kf2 Nxg3 55. Nxg3 Rd2+ 56. Ke3 Rxg2 57. Ne4 Re2+ 58. Kd4 Ne6+ 59. Kc3
Qxe4 0-1

[Event "Airthings Masters - Match Preliminari"]
[Site "Internet"]
[Date "03.02.2023"]
[Round "P1.3"]
[White "Robson, Ray"]
[Black "Muradli, Mahammad"]
[Result "1/2-1/2"]
[WhiteTitle ""]
[BlackTitle ""]
[WhiteElo "2702"]
[BlackElo "2539"]
[WhiteFideId "2023970"]
[BlackFideId "13409301"]
[EventDate "2023.02.03"]
[EventType "k.o."]

1. e4 c5 2. Nf3 d6 3. d4 cxd4 4. Nxd4 Nf6 5. Nc3 a6 6. Be2 e5 7. Nb3 Be7 8. O-O
O-O 9. Re1 Be6 10. Bf3 Qc7 11. a4 Rc8 12. Be3 Nbd7 13. a5 b5 14. axb6 Nxb6 15.
Na5 Rab8 16. h3 h6 17. Qd2 Rd8 18. Red1 Bf8 19. b3 d5 20. Bxb6 Rxb6 21. exd5 Bb4
22. Nc4 e4 23. Nxb6 Bxc3 24. Qe3 Bxa1 25. dxe6 Rxd1+ 26. Bxd1 fxe6 27. Nc4 Qd8
28. Be2 Bd4 29. Qf4 Qd5 30. Qd6 Bc5 31. Qxa6 Kf7 32. Qa1 Bd4 33. Qe1 Ba7 34. Bf1
Qc5 35. g3 Nd5 36. Kg2 e3 37. fxe3 Ke7 38. Kf3 Nb4 39. Qc3 Qf5+ 40. Kg2 Qxc2+
41. Qxc2 Nxc2 42. Kf3 Nb4 43. Ke4 Bc5 44. h4 Ba7 45. Be2 Bc5 46. g4 Ba7 47. Ne5
Bb6 48. Bc4 Kd6 49. g5 hxg5 50. Nf7+ Ke7 51. Nxg5 Nc2 52. Nxe6 Nxe3 53. Nxg7 Ng4
54. Nf5+ Kf6 55. Nd6 Kg6 56. Kf3 Ne5+ 57. Ke4 Nd7 58. Bf7+ Kf6 59. Bc4 Kg6 60.
Kd5 Bg1 61. b4 Nb6+ 62. Kc6 Na4 63. Bb3 Nc3 64. Bf7+ Kf6 65. h5 Kg5 66. Bg6 Be3
67. b5 Na4 68. Nc4 Bf2 69. b6 Nxb6 70. Nxb6 Bxb6 71. Kxb6 Kh6 1/2-1/2

[Event "Airthings Masters - Match Preliminari"]
[Site "Internet"]
[Date "03.02.2023"]
[Round "P1.3"]
[White "Lenderman, Aleksandr"]
[Black "Kamsky, Gata"]
[Result "1-0"]
[WhiteTitle ""]
[BlackTitle ""]
[WhiteElo "2572"]
[BlackElo "2664"]
[WhiteFideId "2021285"]
[BlackFideId "2000024"]
[EventDate "2023.02.03"]
[EventType "k.o."]

1. Nf3 d5 2. e3 Nf6 3. c4 c6 4. Nc3 g6 5. d4 Bg7 6. Be2 O-O 7. O-O e6 8. Qc2
Nbd7 9. b3 Re8 10. Bb2 a6 11. a4 a5 12. Rac1 b6 13. cxd5 exd5 14. Rfd1 Bb7 15.
Bd3 Qe7 16. Ne2 Rac8 17. Nf4 Ne4 18. Bf1 Qd6 19. Qb1 g5 20. Nh5 Bh8 21. Ng3 Qg6
22. Nxe4 dxe4 23. Nd2 Nf6 24. Nc4 Nd5 25. Ne5 Qe6 26. Be2 f6 27. Bg4 f5 28. Be2
c5 29. Nc4 f4 30. dxc5 Bxb2 31. Qxb2 Rxc5 32. Qd4 Rf8 33. Bf1 h5 34. Nd2 fxe3
35. fxe3 Rxc1 36. Rxc1 Re8 37. Bc4 Kh7 38. Rf1 Kg6 39. Nxe4 Qe5 40. Qxe5 Rxe5
41. Nd6 Bc6 42. Bd3+ Kg7 43. Rf7+ Kg8 44. Rf5 Rxf5 45. Nxf5 Kf7 46. Kf2 Kf6 47.
Ng3 h4 48. Ne4+ Kg6 49. Bb1 Nb4 50. Nd2+ Kf6 51. Nc4 Bd5 52. Nxb6 Bxb3 53. Nd7+
Ke7 54. Nc5 Bd5 55. Ne4 Bxe4 56. Bxe4 Kf6 57. Kf3 Ke5 58. Bb1 Nd5 59. Bd3 Nb4
60. Bc4 Nc2 61. Ke2 Nb4 62. Kd2 1-0

[Event "Airthings Masters - Match Preliminari"]
[Site "Internet"]
[Date "03.02.2023"]
[Round "P1.3"]
[White "Tabatabaei, M. Amin"]
[Black "Vidit, Santosh Gujrathi"]
[Result "1-0"]
[WhiteTitle ""]
[BlackTitle ""]
[WhiteElo "2677"]
[BlackElo "2730"]
[WhiteFideId "12521213"]
[BlackFideId "5029465"]
[EventDate "2023.02.03"]
[EventType "k.o."]

1. Nf3 d5 2. g3 g6 3. Bg2 Bg7 4. d4 Nf6 5. O-O O-O 6. c4 c6 7. Nc3 dxc4 8. e4
Bg4 9. h3 Bxf3 10. Bxf3 e5 11. dxe5 Nfd7 12. e6 fxe6 13. Be3 Qe7 14. Bg2 Ne5 15.
f4 Nd3 16. e5 Nd7 17. Qe2 Rad8 18. b3 Nb6 19. Ne4 Qa3 20. h4 Nd5 21. bxc4 Nxe3
22. Qxe3 Qa4 23. Nd6 Rxd6 24. exd6 Qxc4 25. Kh2 Bxa1 26. Rxa1 Rd8 27. Qxa7 Qb4
28. Rd1 Rxd6 29. a3 Qb3 30. Qb8+ Kf7 31. Qc7+ Ke8 32. Qxd6 Qxd1 33. Qxe6+ Kd8
34. Qd6+ Ke8 35. Qb8+ Kf7 36. Qxb7+ Kf8 37. Qxc6 Qd2 38. Qd6+ Kf7 39. a4 Qe2 40.
Qd7+ Kg8 41. Qd5+ Kf8 42. Qe4 Qd2 43. Qd4 Kg8 44. a5 Qe2 45. Qe4 Qd2 46. a6 Kg7
47. Qd4+ Kh6 48. a7 1-0

[Event "Airthings Masters - Match Preliminari"]
[Site "Internet"]
[Date "03.02.2023"]
[Round "P1.3"]
[White "Indjic, Aleksandar"]
[Black "Antipov, Mikhail Al."]
[Result "0-1"]
[WhiteTitle ""]
[BlackTitle ""]
[WhiteElo "2641"]
[BlackElo "2581"]
[WhiteFideId "911925"]
[BlackFideId "4107012"]
[EventDate "2023.02.03"]
[EventType "k.o."]

1. d4 Nf6 2. c4 e6 3. Nf3 d5 4. Nc3 Bb4 5. a3 Bxc3+ 6. bxc3 O-O 7. a4 Re8 8. e3
Nc6 9. Be2 e5 10. cxd5 Nxd5 11. Bb2 exd4 12. cxd4 a5 13. O-O Ncb4 14. Rc1 Bf5
15. Ne5 f6 16. Nf3 Qd7 17. Re1 Re7 18. Bb5 c6 19. Bc4 Rae8 20. Ba3 Be6 21. Nd2
Rd8 22. Nb3 b6 23. Nd2 Ree8 24. h3 Bf7 25. Qf3 b5 26. Bf1 Na2 27. Rc2 Nac3 28.
axb5 cxb5 29. Bc5 b4 30. Rcc1 Na4 31. Nb3 Ra8 32. Nd2 Ndc3 33. Nc4 Bxc4 34.
Bxc4+ Kh8 35. Qh5 g6 36. Qf3 Kg7 37. Rxc3 Nxc3 38. e4 Rac8 39. e5 fxe5 40. dxe5
Rxc5 41. Qf6+ Kh6 42. Qf4+ Kg7 43. Qf6+ Kh6 44. g4 Qe7 45. g5+ Kh5 46. Qf3+ Kxg5
47. Bf7 Rxe5 48. h4+ Kh6 49. Rxe5 Qxe5 50. Bxe8 Qe1+ 51. Kh2 Qe5+ 52. Kg1 Qe1+
53. Kh2 Qe5+ 54. Kg2 Qe4 0-1

[Event "Airthings Divisione 1"]
[Site "Internet"]
[Date "08.02.2023"]
[Round "S2.1"]
[White "So, Wesley"]
[Black "Sarana, Alexey"]
[Result "1-0"]
[WhiteTitle ""]
[BlackTitle ""]
[WhiteElo "2766"]
[BlackElo "2668"]
[WhiteFideId "5202213"]
[BlackFideId "24133795"]
[EventDate "2023.02.07"]

1. d4 Nf6 2. c4 e6 3. Nc3 d5 4. cxd5 exd5 5. Bg5 c6 6. e3 Bf5 7. Qf3 Bg6 8. Bxf6
Qxf6 9. Qxf6 gxf6 10. h4 h5 11. Nge2 Bd6 12. Nf4 Nd7 13. g3 Nb6 14. Rc1 a5 15.
f3 Ke7 16. Kf2 Rad8 17. a3 Rhe8 18. Be2 Kf8 19. Rhe1 Kg7 20. Bf1 Kh6 21. g4 Re7
22. Nxh5 Bxh5 23. gxh5 Kxh5 24. f4 Rde8 25. Ne2 Rxe3 26. Ng3+ Rxg3 27. Rxe8 Bxf4
28. Rh8+ Kg6 29. Rg8+ Kh6 30. Rxg3 Bxc1 31. Rb3 Na4 32. Rxb7 Bxb2 33. Ke3 Bc1+
34. Kf3 Kg7 35. Ra7 Bd2 36. h5 c5 37. Bb5 Nc3 38. Be8 cxd4 39. Rxf7+ Kg8 40.
Rxf6 Bc1 41. Bg6 Kg7 42. Rf7+ Kg8 43. Ra7 a4 44. Bf5 Kh8 45. Ra6 Kg7 46. Rg6+
Kh7 47. Rg1+ Kh6 48. Rxc1 Kxh5 49. Rg1 Kh6 50. Bd3 Kh5 51. Kf4 Kh6 52. Ke5 1-0

[Event "Airthings Divisione 1"]
[Site "Internet"]
[Date "08.02.2023"]
[Round "S2.2"]
[White "Sarana, Alexey"]
[Black "So, Wesley"]
[Result "0-1"]
[WhiteTitle ""]
[BlackTitle ""]
[WhiteElo "2668"]
[BlackElo "2766"]
[WhiteFideId "24133795"]
[BlackFideId "5202213"]
[EventDate "2023.02.07"]

1. d4 Nf6 2. c4 e6 3. Nc3 Bb4 4. e3 c5 5. Bd3 Nc6 6. Ne2 cxd4 7. exd4 d5 8. c5
O-O 9. O-O e5 10. a3 Bxc3 11. bxc3 h6 12. h3 Re8 13. Rb1 e4 14. Bb5 Bd7 15. Bf4
b6 16. Ng3 Na5 17. Ba6 Re6 18. Qe2 Bc8 19. Bb5 Bd7 20. Nf5 Bxb5 21. Rxb5 Nc4 22.
Ne3 a6 23. Rb4 Nxa3 24. Nf5 Nc4 25. Ra1 a5 26. Rbb1 Rc6 27. Bd6 Kh7 28. Ne7 Rxd6
29. cxd6 Nxd6 30. Nc6 Qc7 31. Ne5 b5 32. Ra3 Nd7 33. f4 f6 34. Ng4 Nc4 35. Ra2
Rb8 36. g3 b4 37. cxb4 Rxb4 38. Rc1 Qb6 39. Qd1 Nb2 40. Qc2 Rc4 41. Qd2 Rxd4 42.
Qf2 Nd3 43. Rc6 Qb1+ 0-1

[Event "Airthings Divisione 1"]
[Site "Internet"]
[Date "06.02.2023"]
[Round "V1.1"]
[White "Carlsen, Magnus"]
[Black "Sarana, Alexey"]
[Result "1-0"]
[WhiteTitle ""]
[BlackTitle ""]
[WhiteElo "2852"]
[BlackElo "2668"]
[WhiteFideId "1503014"]
[BlackFideId "24133795"]
[EventDate "2023.02.06"]

1. d4 Nf6 2. c4 e6 3. Nf3 d5 4. g3 Bb4+ 5. Bd2 Be7 6. Bg2 c6 7. Qc2 Nbd7 8. Bf4
O-O 9. h4 b6 10. Nc3 Bb7 11. e4 dxe4 12. Ng5 c5 13. d5 exd5 14. cxd5 Nh5 15. Be3
f5 16. Ne6 Qb8 17. g4 fxg4 18. Bxe4 Ndf6 19. Nxf8 Qxf8 20. O-O-O Bd6 21. Bf5 Re8
22. Rhe1 Kh8 23. Kb1 a6 24. Bg5 b5 25. Re6 Rd8 26. Ne4 Bf4 27. Bxf6 Nxf6 28.
Nxf6 gxf6 29. Qe4 Be5 30. Qxg4 c4 31. Qh5 Qg8 32. Re7 1-0

[Event "Airthings Divisione 1"]
[Site "Internet"]
[Date "06.02.2023"]
[Round "V1.2"]
[White "Sarana, Alexey"]
[Black "Carlsen, Magnus"]
[Result "0-1"]
[WhiteTitle ""]
[BlackTitle ""]
[WhiteElo "2668"]
[BlackElo "2852"]
[WhiteFideId "24133795"]
[BlackFideId "1503014"]
[EventDate "2023.02.06"]

1. d4 Nf6 2. c4 e6 3. Nc3 Bb4 4. e3 O-O 5. Bd3 c5 6. Ne2 d5 7. a3 cxd4 8. axb4
dxc3 9. Nxc3 Nc6 10. b5 Ne5 11. c5 Nxd3+ 12. Qxd3 e5 13. O-O d4 14. exd4 Qxd4
15. Qe3 Rd8 16. Ra4 Qxe3 17. Bxe3 a6 18. Rfa1 Nd5 19. Ne4 Rb8 20. Nd6 Bd7 21.
bxa6 Bxa4 22. a7 Ra8 23. Rxa4 Ne7 24. g4 Nc6 25. Nb5 Rd3 26. b4 Rb3 27. Bd2 Rb2
28. Bc3 Rb1+ 29. Kg2 f6 30. Ra2 Rb3 31. h4 h5 32. gxh5 Kh7 33. Bd2 f5 34. Bc3
Kh6 35. Rd2 Nxa7 36. Nc7 Rg8 37. Bxe5 Rxb4 38. Kg3 Rg4+ 39. Kh3 Kxh5 40. Bg3 f4
41. Rd5+ g5 42. Bh2 Rxh4+ 43. Kg2 Nc6 44. Ne6 f3+ 45. Kg1 Re4 46. Nf4+ Kg4 47.
Nd3 Nb4 48. Ne5+ Kf5 49. Rd1 Rxe5 50. Bxe5 Kxe5 51. Rb1 Nd3 52. Rxb7 Nxc5 53.
Rf7 g4 54. Kh2 Ne4 55. Re7+ Kf4 56. Rf7+ Kg5 57. Re7 Nxf2 58. Kg3 Nh1+ 59. Kh2
Rh8+ 60. Kg1 Kf4 0-1

[Event "Airthings Divisione 1"]
[Site "Internet"]
[Date "06.02.2023"]
[Round "V1.3"]
[White "Carlsen, Magnus"]
[Black "Sarana, Alexey"]
[Result "1/2-1/2"]
[WhiteTitle ""]
[BlackTitle ""]
[WhiteElo "2852"]
[BlackElo "2668"]
[WhiteFideId "1503014"]
[BlackFideId "24133795"]
[EventDate "2023.02.06"]

1. d4 Nf6 2. c4 e6 3. Nf3 d5 4. Nc3 Nbd7 5. Bg5 h6 6. Bh4 Bb4 7. cxd5 exd5 8.
Qa4 Bxc3+ 9. bxc3 g5 10. Bg3 Ne4 11. Nd2 Nxg3 12. hxg3 c6 13. e3 Nb6 14. Qc2 Qe7
15. Bd3 Be6 16. a4 a5 17. Rb1 Nc8 18. c4 dxc4 19. Nxc4 Bxc4 20. Qxc4 Nd6 21. Qc5
Qe6 22. O-O O-O 23. Rfe1 f5 24. Rb6 Rf6 25. Reb1 Raf8 26. Rxb7 Nxb7 27. Rxb7 Kh8
28. Bc4 Qe4 29. Qxa5 f4 30. Qc7 Qg6 31. exf4 gxf4 32. gxf4 Rxf4 33. Bd3 Qf7 34.
Qxc6 Qf6 35. Rh7+ Kg8 36. Qd5+ Rf7 37. Qa8+ Rf8 38. Qd5+ Rf7 39. Qa8+ Rf8 40.
Qd5+ 1/2-1/2

[Event "Airthings Divisione 1"]
[Site "Internet"]
[Date "06.02.2023"]
[Round "V1.1"]
[White "So, Wesley"]
[Black "Mamedov, Rauf"]
[Result "1/2-1/2"]
[WhiteTitle ""]
[BlackTitle ""]
[WhiteElo "2766"]
[BlackElo "2646"]
[WhiteFideId "5202213"]
[BlackFideId "13401653"]
[EventDate "2023.02.06"]

1. d4 Nf6 2. c4 g6 3. Nc3 Bg7 4. e4 d6 5. Be2 O-O 6. Nf3 e5 7. O-O exd4 8. Nxd4
Re8 9. f3 c6 10. Kh1 d5 11. cxd5 cxd5 12. Bg5 Nc6 13. Bb5 h6 14. Bh4 g5 15. Bf2
Bd7 16. exd5 Nxd5 17. Nxd5 Nxd4 18. Bxd4 Bxb5 19. Bxg7 Kxg7 20. Qd4+ f6 21. Rfd1
Bc6 22. Ne3 Qxd4 23. Nf5+ Kg6 24. Nxd4 Rad8 25. Kg1 Rd6 26. Rd2 Red8 27. Rad1
Ba4 28. b3 Bb5 29. Kf2 h5 30. g3 a5 31. a3 Be8 32. f4 Bf7 33. h4 g4 34. b4 axb4
35. axb4 Rd5 36. Nb3 Rxd2+ 37. Rxd2 Rc8 38. Nc5 b6 39. Nd7 Rc3 40. Rd6 Rf3+ 41.
Kg2 Kg7 42. Nxf6 Rb3 43. Rxb6 Bg6 44. f5 Bf7 45. Rd6 Rxb4 46. Nd7 Rb2+ 47. Kg1
Rb1+ 48. Kf2 Rb5 49. f6+ Kg6 50. Ke3 Kf5 51. Rd4 Ke6 52. Re4+ Kxd7 53. Re7+ Kd6
54. Rxf7 Ke6 55. Rf8 Rf5 56. Ke4 Rf3 57. f7 Rxg3 58. Kf4 Rf3+ 59. Kg5 Rxf7 60.
Re8+ Re7 61. Rf8 g3 62. Rf1 g2 63. Rg1 Rg7+ 64. Kf4 Rg4+ 65. Kf3 Kf5 66. Rxg2
Rxg2 67. Kxg2 Kg4 68. Kh2 Kxh4 69. Kg2 Kg4 70. Kh2 h4 71. Kg2 h3+ 72. Kh2 Kh4
73. Kh1 Kg3 74. Kg1 h2+ 75. Kh1 Kh3 1/2-1/2

[Event "Airthings Divisione 1"]
[Site "Internet"]
[Date "06.02.2023"]
[Round "V1.2"]
[White "Mamedov, Rauf"]
[Black "So, Wesley"]
[Result "1/2-1/2"]
[WhiteTitle ""]
[BlackTitle ""]
[WhiteElo "2646"]
[BlackElo "2766"]
[WhiteFideId "13401653"]
[BlackFideId "5202213"]
[EventDate "2023.02.06"]

1. e4 e5 2. Nf3 Nc6 3. d4 exd4 4. Bc4 Bc5 5. Ng5 Nh6 6. Nxf7 Nxf7 7. Bxf7+ Kxf7
8. Qh5+ g6 9. Qxc5 d5 10. O-O dxe4 11. c3 Qd6 12. Qxd6 cxd6 13. cxd4 Nxd4 14.
Nc3 Bg4 15. Nxe4 Nc2 16. Nxd6+ Ke6 17. Bf4 g5 18. Bg3 Nxa1 19. Rxa1 Rhd8 20. f3
Bf5 21. Re1+ Kf6 22. h4 h6 23. Be5+ Ke6 24. g4 Bh7 25. Bg3+ Kf6 26. Be5+ Ke6 27.
Bg3+ Kf6 28. Be5+ Ke6 1/2-1/2